[Event "11th dMP Batavia 2019"]
[Site "Amsterdam"]
[Date "2019.03.03"]
[Round "3"]
[White "Lopez, Jasel"]
[Black "Kuipers, Stefan"]
[Result "1-0"]
[WhiteElo "2390"]
[BlackElo "2455"]
[Annotator "TA"]
[PlyCount "75"]
[EventDate "2019.03.01"]
[EventType "tourn"]
[EventCountry "NED"]
[SourceTitle "playchess.com"]
[Source "ChessBase"]
[SourceQuality "1"]

{[%evp 23,75,72,83,68,75,77,96,93,102,99,104,91,134,85,83,106,101,70,87,85,145,145,145,137,140,125,142,140,134,126,108,103,131,123,204,190,192,191,195,0,20,0,188,0,20,0,224,224,1408,1401,5373,4994,1443,1435]} 1. d4 d5 2. c4 c6 3. Nf3 Nf6 4. Nc3 e6 5. e3 Nbd7 6. Bd3 dxc4 7. Bxc4 b5 8. Bd3 Bb7 9. e4 a6 10. e5 Nd5 11. Nxd5 cxd5 12. O-O Be7 13. Re1 {D47: Semi-Slav: Meran System} (13. Bf4 O-O 14. g3 b4 15. h4 Bc6 16. Kg2 Bb5 17. Bxb5 axb5 18. Qd3 Qb6 19. Ng5 Bxg5 20. hxg5 Rfc8 {½-½ (49) Vorobiov,E (2564)-Voigt,M (2317) Lueneburg 2018}) 13... h6 14. Be3 $146 ({Predecessor:} 14. Bf4 g5 15. Be3 g4 16. Nd2 h5 17. f4 Nf8 18. Rc1 Rc8 19. Rxc8 Qxc8 20. Nb3 Nd7 {1-0 (43) Bizzoco,V (1733)-Di Tomaso,F (1601) Udine 2006}) 14... Qb6 15. Rc1 {White is better.} a5 16. Nd2 a4 17. Qg4 g6 18. Rc2 Rc8 19. Rxc8+ Bxc8 20. Rc1 Ba6 21. Bxg6 {And now Bh5 would win.} fxg6 (21... Rg8 $142) 22. Qxg6+ $16 Kd8 23. Qg7 $1 {[%cal Rg7h8]} Re8 24. Qxh6 b4 25. h4 {[%mdl 1024] White has strong compensation.} Bd3 26. Nf3 Rg8 27. Bg5 Bf5 28. g4 Bd3 (28... Be4 $16) 29. Bxe7+ Kxe7 30. Ng5 $1 Bg6 31. Nf3 $2 $40 {[%mdl 128] White has some attack.} (31. Nh7 $1 $18) 31... Be4 {aiming for ...b3.} 32. Ng5 $2 (32. Kh2 $11) 32... Bg6 $18 {[#]} 33. Nf3 $2 (33. Nh7 $1 $18) 33... Be4 {Strongly threatening ...b3.} 34. Kh2 b3 $2 {[#]} (34... Rxg4 35. Ng5 $18) (34... a3 $11 {and Black has nothing to worry.} 35. bxa3 bxa3) 35. axb3 $1 {[%mdl 64] Overworked Piece} Qxb3 $2 (35... Bd3 36. Qe3 (36. bxa4 Qxb2 37. Qe3 Rxg4 $15) 36... Qa6) 36. Rc6 {White is clearly winning.} Bg6 37. Qg5+ Kf7 38. Rc7 {Accuracy: White = 79%, Black = 47%.} 1-0

[Event "11th dMP Batavia 2019"]
[Site "Amsterdam"]
[Date "2019.03.04"]
[Round "4.1"]
[White "Kuipers, Stefan"]
[Black "Van der Wiel, John T.H."]
[Result "1/2-1/2"]
[WhiteElo "2455"]
[BlackElo "2391"]
[Annotator "TA"]
[PlyCount "86"]
[EventDate "2019.03.01"]
[EventType "tourn"]
[EventCountry "NED"]
[SourceTitle "playchess.com"]
[Source "ChessBase"]
[SourceQuality "1"]

{[%evp 27,86,26,56,50,41,34,45,19,21,14,17,12,8,7,45,20,34,35,33,9,22,0,14,19,14,4,9,-12,-13,-16,-14,-21,-19,-15,-11,-14,-11,-11,-14,-15,-13,-15,-15,-16,-11,-14,-5,-13,-8,-8,0,-22,-10,-10,0,0,0,-15,0,0,0]} 1. e4 c5 2. Nf3 Nc6 3. d4 cxd4 4. Nxd4 e5 5. Nb5 {[%cal Bd4b5,Bb5a3,Ba3c2][%mdl 32]} d6 6. c4 Be7 7. N1c3 a6 8. Na3 Be6 9. Be2 Bg5 10. O-O Bxc1 11. Rxc1 Nge7 12. Nc2 Ng6 {B32: Sicilian: Löwenthal and Kalashnikov Variations} 13. g3 O-O 14. Qd2 Qb6 {[#] LiveBook: 4 Games. White has an edge.} 15. b3 $146 ({Predecessor:} 15. Rfd1 Rad8 16. Nd5 Qa7 17. h4 Nge7 18. Qe3 {½-½ (18) Mekhitarian,K (2511)-Ikonnikov,V (2578) Dieren 2010}) 15... Rad8 16. Nd5 Qa7 17. Nde3 Nge7 18. Bf3 b5 19. Be2 bxc4 20. Bxc4 Bxc4 21. bxc4 Qc5 22. Rfd1 Kh8 23. Qd3 g6 {The position is equal.} 24. Qa3 Qxa3 25. Nxa3 Nd4 {[#] Hoping for ...Ne2+.} 26. Kf1 Ne6 27. Rb1 Nc5 28. Rb6 Nxe4 29. f3 Nc5 30. Rdxd6 Rxd6 31. Rxd6 Rb8 32. Nd5 Nf5 33. Rb6 Rxb6 34. Nxb6 $11 {[%mdl 4096] Endgame KNN-KNN} Kg7 35. Nd5 Nd6 36. Ke2 f6 37. Kd2 Kf7 38. Kc3 Ke6 39. Nb1 a5 40. Nd2 Na4+ 41. Kb3 Nc5+ 42. Kc3 Na4+ 43. Kb3 Nc5+ {Precision: White = 48%, Black = 61%.} 1/2-1/2

[Event "11th dMP Batavia 2019"]
[Site "Amsterdam"]
[Date "2019.03.04"]
[Round "4.2"]
[White "Warmerdam, Max"]
[Black "Pijpers, Arthur"]
[Result "1/2-1/2"]
[WhiteElo "2448"]
[BlackElo "2482"]
[Annotator "TA"]
[PlyCount "120"]
[EventDate "2019.03.01"]
[EventType "tourn"]
[EventCountry "NED"]
[SourceTitle "playchess.com"]
[Source "ChessBase"]
[SourceQuality "1"]

{[%evp 9,119,27,25,26,31,16,15,17,17,17,17,17,17,18,17,19,18,11,22,13,7,4,25,25,22,18,20,20,49,36,21,37,41,44,73,54,61,59,40,39,99,0,50,0,0,0,0,0,0,0,0,-156,-155,-150,-140,-115,-190,-151,-35,-21,-21,-25,-10,-10,-10,-15,-8,-8,0,0,0,0,0,0,0,0,0,0,0,0,0,0,0,0,0,0,0,0,0,0,0,-6963,-1627,-7695,-8,-8,-8,-8,0,0,0,0,0,0,0,0,0,0,0,0,0,0]} 1. d4 d5 2. c4 c6 3. Nf3 Nf6 4. e3 Bg4 5. h3 Bf5 6. g4 {D11: Slav Defence: 3 Nf3 sidelines and 3...Nf6 4 e3 Bg4} Bg6 7. Ne5 Nbd7 8. Nxg6 hxg6 9. Nc3 e6 10. g5 Ne4 11. Nxe4 dxe4 12. h4 Bb4+ 13. Bd2 Qa5 14. a3 Bxd2+ 15. Qxd2 Qxd2+ 16. Kxd2 f5 17. c5 Ke7 18. b4 a6 19. Be2 e5 20. Kc3 exd4+ 21. exd4 Nf8 22. Bc4 Ne6 23. d5 (23. f3 $5) 23... cxd5 24. Bxd5 Rab8 {[#]} (24... Rhd8 $1 $14 25. Rad1 (25. Bxb7 Rd3+ 26. Kb2 Rd2+ 27. Kb3 Rad8 $14) 25... Rab8) 25. Rad1 (25. f3 $1 $16) 25... Nf4 26. Rd2 b6 27. cxb6 Rxb6 28. Bc4 $1 Rc8 29. Kb3 Rbc6 30. Rd4 $2 (30. Rc1 $11) 30... Ne6 $17 31. Bxe6 Kxe6 {[%mdl 4096] Endgame KRR-KRR} 32. f4 Rc3+ 33. Ka4 Rd3 (33... Rc1 $17 34. Rxc1 Rxc1) 34. Rxd3 $15 exd3 {KR-KR} 35. Rd1 Rc3 36. b5 $1 {[%cal Rb5a6]} axb5+ 37. Kb4 $1 Rc4+ {[%mdl 64] [#] Double Attack} 38. Kxb5 Rxf4 {Strongly threatening ...Rd4.} 39. Rxd3 Rxh4 40. a4 f4 41. a5 Rg4 42. a6 Rxg5+ 43. Kb4 Rf5 {White must now prevent ...Rf8.} 44. a7 Rf8 {...g5 is the strong threat.} 45. Ra3 Ra8 46. Kc4 g5 47. Kd3 g4 48. Ke4 g5 49. Ra6+ Kf7 50. Kd3 $2 {[%mdl 8192]} (50. Ra2 $11) 50... g3 (50... f3 $142 51. Ra5 g3 52. Rf5+ Kg6 53. Rxf3 Rxa7) 51. Ke2 g2 $2 (51... g4 $19 52. Kf1 f3) 52. Kf2 $11 {The position is equal.} f3 53. Ra3 g4 54. Ra4 $1 g3+ (54... Ke6 $5 {[%cal Rg4g3]} 55. Rxg4 Rxa7 56. Kxf3 Ra3+ 57. Kxg2 Kf5 $11) 55. Kg1 Ke6 56. Re4+ Kd5 57. Rd4+ Kc6 {Threatens to win with ...f2+.} 58. Rc4+ Kb6 {( -> ...Rh8)} 59. Rb4+ Kxa7 {Hoping for ...f2+.} 60. Rb7+ $1 Kxb7 {Accuracy: White = 77%, Black = 53%.} 1/2-1/2

[Event "11th dMP Batavia 2019"]
[Site "Amsterdam"]
[Date "2019.03.04"]
[Round "4.3"]
[White "Meissner, Felix"]
[Black "Lopez, Jasel"]
[Result "1/2-1/2"]
[WhiteElo "2397"]
[BlackElo "2390"]
[Annotator "TA"]
[PlyCount "111"]
[EventDate "2019.03.01"]
[EventType "tourn"]
[EventCountry "NED"]
[SourceTitle "playchess.com"]
[Source "ChessBase"]
[SourceQuality "1"]

{[%evp 12,111,11,8,4,3,14,8,50,0,47,-2,50,45,41,40,38,32,33,47,62,56,50,57,54,48,49,40,54,50,50,40,51,49,47,24,43,46,40,39,47,39,50,51,57,53,70,68,79,79,86,80,86,83,86,86,86,86,86,86,86,86,86,86,95,93,97,86,111,101,124,118,133,133,133,133,133,133,133,133,133,105,133,133,133,133,133,133,133,126,133,133,133,87,85,0,110,0,98,0,130,0]} 1. e4 e6 2. d3 d5 3. Qe2 dxe4 4. dxe4 e5 5. Nf3 Nc6 6. c3 Bd6 {C00: French: Unusual White 2nd moves} 7. Nbd2 {LiveBook: 3 Games} Nf6 8. Nc4 Qe7 $146 {The position is equal.} ({Predecessor:} 8... h6 9. Qc2 O-O 10. Be2 a6 11. a4 Qe7 12. a5 Nh5 13. g3 Nf6 14. h3 Be6 {1-0 (49) Glek,I (2580)-Brynell,S (2473) Izmir 2004}) 9. Qc2 Be6 10. Ng5 O-O 11. Ne3 Rfd8 (11... Bd7 $11) 12. Nxe6 $14 Qxe6 13. Bc4 Qe8 14. O-O Ne7 15. a4 c6 16. a5 b5 17. axb6 axb6 18. Rxa8 Rxa8 19. Rd1 Bc7 20. g3 Rd8 21. Be2 Rxd1+ 22. Bxd1 Nc8 23. Nf5 Nd6 24. Nxd6 Bxd6 25. Be3 Bc7 26. Qa4 h6 27. Qa7 Qd8 28. Bf3 c5 29. Qb7 Kf8 30. Be2 Kg8 31. h3 Kf8 32. Kg2 Kg8 33. Bc4 Ne8 34. Qc6 Nd6 35. Ba2 Kf8 36. b4 cxb4 37. cxb4 Qb8 38. Bd5 Qd8 39. h4 {[%cal Bh3h4,Bh4h5][%mdl 32]} Kg8 40. Bb3 Kh7 41. h5 f6 42. Be6 Kh8 43. Bg4 Qb8 44. f3 Kg8 45. Be6+ Kh8 46. Bd5 Kh7 47. g4 Qd8 48. Bf2 Nc8 49. Bb3 Ne7 50. Qc4 Qd7 51. b5 Qd8 52. Qe6 Bd6 53. Qc4 (53. Kg1 $16) 53... Ba3 (53... Bc7 $1 $11) 54. Qe6 Bd6 55. Qc4 Ba3 56. Qe6 {Precision: White = 57%, Black = 46%.} ({Better is} 56. Kf1 $16) 1/2-1/2

[Event "11th dMP Batavia 2019"]
[Site "Amsterdam"]
[Date "2019.03.04"]
[Round "4.4"]
[White "Arutinian, David"]
[Black "Leenhouts, Koen"]
[Result "1/2-1/2"]
[WhiteElo "2555"]
[BlackElo "2447"]
[Annotator "TA"]
[PlyCount "85"]
[EventDate "2019.03.01"]
[EventType "tourn"]
[EventCountry "NED"]
[SourceTitle "playchess.com"]
[Source "ChessBase"]
[SourceQuality "1"]

{[%evp 23,85,-11,-17,-20,-26,-27,-17,-6,0,-20,-18,-2,0,0,0,0,4,7,14,27,53,63,54,0,0,0,0,0,25,-21,48,13,79,83,68,12,29,31,49,2,293,307,295,-115,-98,-95,-88,-95,-93,-108,-108,-106,-116,-100,-80,-72,-33,-41,0,-80,0,-76,0,-77]} 1. Nf3 Nf6 2. c4 c5 3. Nc3 d5 4. cxd5 Nxd5 5. e3 e6 6. d4 cxd4 7. exd4 Nxc3 8. bxc3 Qc7 9. Bd2 Nd7 10. Bd3 b6 11. O-O Bb7 12. Re1 Bd6 13. c4 {B22: Sicilian: 2 c3} O-O 14. h3 Bf4 15. Bc3 Rac8 {[#]} 16. Bb2 $146 ({Predecessor:} 16. Qe2 Ba6 17. Bd2 Bxd2 18. Nxd2 Rfd8 19. Rac1 Nf6 20. Nb3 Qd7 {0-1 (60) Melkumyan,H (2632)-Volokitin,A (2640) Austria 2016}) 16... Rfd8 17. a4 Ba6 18. Ra3 Nf8 19. Qa1 f6 20. Rc3 Qf7 21. a5 bxa5 22. Qxa5 Bb7 {Strongly threatening ...Bxf3.} 23. Be4 (23. Bc2 $14) 23... Bxe4 $11 24. Rxe4 e5 25. d5 Qg6 26. Re2 Nd7 ({Black should play} 26... Qb1+ $11 27. Bc1 (27. Ne1 $2 Bd2 $19 {[%mdl 64] Double Attack, Skewer}) 27... Bxc1) 27. Qa2 Nc5 {[#]} (27... e4 $1 $11 28. Nd4 Nc5) 28. Ba3 $1 $16 e4 29. Nd4 (29. Nh4 $14 Qh5 30. Bxc5 Rxc5 31. g3) 29... Be5 30. Bxc5 $1 Rxc5 31. Nb3 (31. Ne6 {seems wilder.} Rdxd5 32. Rc1 Rc8 33. c5 Rd7 34. Ng5+) 31... Rdxd5 $2 {[%mdl 8192] [#]} (31... Rcc8 $11 32. Rcc2 e3 33. Rxe3 Rxd5) 32. Rc1 $1 $18 Rxc4 33. Rce1 $2 (33. Rd2 $18 Qh5 34. Rxd5 Bh2+ {[%mdl 64] Discovered Attack} 35. Kxh2 Qxd5 36. Qxa7) 33... Qf7 {...f5 is the strong threat.} 34. Nd2 Rcd4 35. Nxe4 Rd1 36. Qa6 Rd8 37. g3 Rxe1+ 38. Rxe1 h5 39. h4 Qd7 40. Qe2 Qf7 41. Qa6 $1 Qd7 (41... Bd4 $17) 42. Qa2+ (42. Qe2 $11) 42... Qf7 43. Qa6 {Accuracy: White = 47%, Black = 31%.} 1/2-1/2

[Event "11th dMP Batavia 2019"]
[Site "Amsterdam"]
[Date "2019.03.04"]
[Round "4.5"]
[White "Lahaye, Rick"]
[Black "Williams, Simon K"]
[Result "1-0"]
[WhiteElo "2414"]
[BlackElo "2471"]
[Annotator "TA"]
[PlyCount "99"]
[EventDate "2019.03.01"]
[EventType "tourn"]
[EventCountry "NED"]
[SourceTitle "playchess.com"]
[Source "ChessBase"]
[SourceQuality "1"]

{[%evp 13,99,12,30,9,22,20,62,81,99,97,102,98,122,129,137,133,114,39,134,130,432,415,483,177,177,177,175,150,140,108,106,100,106,101,93,30,31,33,51,51,52,52,53,41,47,41,41,29,41,12,22,54,69,30,92,31,32,31,103,103,111,115,113,113,319,302,306,308,299,297,239,163,163,163,29973,29975,29974,29976,29976,29977,29977,29972,29971,29973,29987,29988,29989,29990]} 1. Nf3 Nf6 2. c4 g6 3. g3 Bg7 4. Bg2 O-O 5. O-O d6 6. Nc3 e5 7. d3 h6 8. Bd2 {A24: English Opening vs King's Indian: Lines without ...Nc6} (8. Rb1 a5 9. h3 Re8 10. e4 c6 11. Re1 Nbd7 12. Be3 Qe7 13. a3 Nc5 14. b4 axb4 15. axb4 Ne6 16. Qd2 Kh7 {½-½ (80) Kovalenko,I (2626)-Cheparinov,I (2681) Yerevan 2014}) 8... Be6 9. Qb3 Nbd7 $146 ({Predecessor:} 9... b6 10. Qc2 Nc6 11. a3 a5 12. Nb5 Qd7 13. b4 Na7 14. bxa5 Nxb5 15. cxb5 bxa5 {1-0 (53) Gadschisade,M (1676)-Kusmierek,K (1543) Willingen 2005}) 10. Qxb7 {White is slightly better.} Nc5 11. Qb4 $1 e4 12. Nd4 exd3 13. Nxe6 ({And not} 13. Bxa8 Qxa8 14. Nxe6 fxe6 $15) 13... fxe6 14. Qa3 (14. Bxa8 Qxa8 15. Bf4 Ng4 $17) 14... Ng4 15. exd3 (15. Rae1 $16) 15... Nxd3 ({Better is} 15... Rb8 $1 $14) 16. Nd1 $1 $16 Ndxf2 $2 {[%mdl 8192]} (16... Nc5 $16 {is tougher.}) 17. Nxf2 $18 ({Not} 17. Rxf2 Nxf2 18. Nxf2 Qf6 $16) 17... Bd4 {[%cal Rf8f2]} 18. Be1 $2 (18. Qd3 Qf6 19. Bxa8 Nxf2 20. Rxf2 Qxf2+ 21. Kh1) 18... Rb8 19. Rd1 Qf6 {[#] Black wants to play ...Ne3.} 20. Rxd4 $1 Qxd4 21. Qd3 Qxd3 22. Nxd3 Ne3 23. Rxf8+ Kxf8 24. b3 (24. Bd2 $16 Nxc4 25. Bxh6+ Kf7 26. b3) 24... Nxg2 $11 25. Kxg2 e5 26. Ba5 Rc8 27. Nb4 c6 28. c5 Ke7 $1 29. Nd3 e4 30. cxd6+ Kxd6 31. Nb2 Rf8 $1 32. Bd2 h5 33. Be3 a6 (33... Ke6 $11) 34. Nc4+ ({White should play} 34. Bf4+ $1 $16 Kd5 35. h4) 34... Ke6 $14 35. Bf4 Kd5 ({Black should try} 35... h4 $14) 36. h4 $16 Kd4 37. Kf2 Rf5 38. Ke2 Kc3 $2 {[#]} (38... Rf7 $16 {might work better.}) 39. Ke3 $1 $18 {[%cal Re3e4]} Kc2 40. Kxe4 {Hoping for Ne3+.} Kb1 41. a4 Ka2 42. b4 Kb3 {[#]} 43. Nd6 $1 {[%cal Rd6f5]} Rxf4+ $2 (43... Rf6 $18) 44. gxf4 {White mates.} Kxa4 {[%mdl 4096] Endgame KN-KP} 45. Nf7 Kxb4 46. Ne5 c5 47. Nxg6 a5 48. Ne5 c4 49. f5 c3 50. f6 {Accuracy: White = 62%, Black = 42%.} 1-0

[Event "11th dMP Batavia 2019"]
[Site "Amsterdam"]
[Date "2019.03.05"]
[Round "5"]
[White "Pijpers, Arthur"]
[Black "Lahaye, Rick"]
[Result "1-0"]
[WhiteElo "2482"]
[BlackElo "2414"]
[Annotator "RC"]
[PlyCount "59"]
[EventDate "2019.03.01"]
[EventType "tourn"]
[EventCountry "NED"]
[SourceTitle "playchess.com"]
[Source "ChessBase"]
[SourceQuality "1"]
[TimeControl "40/5400+30:1800+30"]

1. e4 {[%emt 0:00:00]} c5 {[%emt 0:00:00]} 2. Nf3 {[%emt 0:00:00]} d6 {[%emt 0:00:00]} 3. d4 {[%emt 0:00:00]} cxd4 {[%emt 0:00:00]} 4. Nxd4 {[%emt 0:00:00]} Nf6 {[%emt 0:00:00]} 5. Nc3 {[%emt 0:00:00]} a6 {[%emt 0:00:00]} 6. Bg5 {[%emt 0:00:00]} Nbd7 {[%emt 0:01:26]} 7. Bc4 {[%emt 0:00:00]} Qa5 {[%emt 0:14:34]} 8. Qd2 {[%emt 0:00:23]} e6 {[%emt 0:02:00]} 9. O-O-O {[%emt 0:02:04]} Be7 {[%emt 0:10:28]} 10. Kb1 {[%emt 0:20:13]} h6 {[%emt 0:15:50]} 11. Be3 {[%emt 0:01:03]} Ne5 {[%emt 0:02:30]} 12. Bb3 {[%emt 0:00:41]} b5 {[%emt 0:04:59]} 13. f4 {[%emt 0:07:02]} b4 {[%emt 0:05:39]} 14. Na4 {[%emt 0:01:27]} Nxe4 {[%emt 0:01:52]} 15. Qe2 {[%emt 0:08:29]} Bd7 {[%emt 0:02:31]} 16. fxe5 {[%emt 0:04:18]} Bxa4 {[%emt 0:00:24]} 17. Nxe6 {[%emt 0:30:54]} fxe6 {[%emt 0:06:02]} 18. Qh5+ {[%emt 0:00:05]} Kd8 {[%emt 0:01:04]} 19. Bxa4 {[%emt 0:08:28]} Qxa4 {[%emt 0:06:29]} 20. exd6 {[%emt 0:07:59]} Bf6 {[%emt 0:07:25]} 21. Bb6+ {[%emt 0:01:12]} Kc8 {[%emt 0:00:09]} 22. Rhe1 {[%emt 0:00:09]} Qc6 {[%emt 0:13:15]} 23. Qg4 {[%emt 0:04:30]} Nc3+ {[%emt 0:03:11]} 24. bxc3 {[%emt 0:00:03]} Qxb6 {[%emt 0:00:04]} 25. d7+ {[%emt 0:01:37]} Kd8 {[%emt 0:01:39]} 26. Rxe6 {[%emt 0:00:01]} Qb5 {[%emt 0:00:17]} 27. c4 {[%emt 0:00:48]} Qb7 {[%emt 0:00:02]} 28. Rxf6 {[%emt 0:01:15]} b3 {[%emt 0:01:30]} 29. axb3 {[%emt 0:00:06]} gxf6 {[%emt 0:00:33]} 30. Qg7 {[%emt 0:00:05]} 1-0

[Event "11th dMP Batavia 2019"]
[Site "Amsterdam"]
[Date "2019.03.05"]
[Round "5"]
[White "Williams, Simon K"]
[Black "Kuipers, Stefan"]
[Result "1-0"]
[WhiteElo "2471"]
[BlackElo "2455"]
[Annotator "TA"]
[PlyCount "69"]
[EventDate "2019.03.01"]
[EventType "tourn"]
[EventCountry "NED"]
[SourceTitle "playchess.com"]
[Source "ChessBase"]
[SourceQuality "1"]

{[%evp 9,69,22,12,-10,0,0,0,20,14,0,29,33,18,21,50,23,51,43,37,44,50,49,42,18,63,78,64,62,60,65,141,-4,38,0,148,25,35,35,30,25,64,79,67,-81,-79,-77,-79,-68,-69,-233,51,51,481,458,548,550,1045,1019,29980,29981,29984,475]} 1. d4 d5 2. c4 c6 3. Nf3 Nf6 4. Qc2 g6 5. Bf4 Bg7 6. cxd5 {D11: Slav Defence: 3 Nf3 sidelines and 3...Nf6 4 e3 Bg4} (6. e3 O-O 7. cxd5 Bf5 8. Qb3 Bxb1 9. Rxb1 Qa5+ 10. Nd2 Nxd5 11. Bg3 e5 12. dxe5 Nd7 13. Qa3 Qxa3 14. bxa3 b5 {0-1 (57) Romanov,E (2611)-Saric,I (2689) Biograd 2018}) 6... Nxd5 7. Bd2 Bg4 8. Ne5 $146 {The position is equal.} ({Predecessor:} 8. e3 Nd7 9. Nc3 O-O 10. Nxd5 cxd5 11. Qb3 Qb6 12. Qxb6 Nxb6 13. Bb4 Bf6 {½-½ (41) Matveev,V (2222)-Gusarov,G (2211) Nizhnij Tagil 2008}) 8... Be6 9. e4 Nf6 10. Bc3 O-O 11. Nd2 Nbd7 12. Nd3 Nb6 13. Nc5 Bc8 14. Be2 Nfd7 15. Nd3 Qc7 16. f4 Rd8 17. a4 {a5 is the strong threat.} a5 18. O-O Nf8 19. Ne5 Nbd7 ({Black should try} 19... c5 $14 20. d5 e6) 20. Nd3 (20. Nxf7 $1 $16 {And now Qb3 would win.} Kxf7 21. Bc4+ Ke8 22. Qb3) 20... Nb6 21. Ne5 ({Better is} 21. Nb3 $14) 21... Nbd7 $1 $16 22. Bc4 ({White should play} 22. Nxf7 $1 $16 {aiming for Qb3.} Kxf7 23. Bc4+ Ke8 24. Qb3) 22... Nxe5 $11 23. fxe5 ({Of course not} 23. dxe5 b5 $11) 23... Be6 24. Qb3 Bxc4 25. Nxc4 {Black must now prevent Rxf7!} Ne6 26. Ne3 (26. Rad1 $14) 26... Nxd4 $17 27. Bxd4 Rxd4 28. Rxf7 Kh8 {Strongly threatening ...Rb4.} 29. Raf1 $2 ({Only move:} 29. Ng4 $1 $15) 29... Rb4 $2 (29... Rxe4 $19 30. h3 Qxe5) 30. Qe6 $40 {[%mdl 128] White is up to no good.} Qb6 $2 {[%mdl 8192]} (30... Rxe4 $14 31. Rxg7 Qxe5 32. Qxe5 Rxe5) 31. R1f3 $1 $18 ({But not} 31. Qh3 $2 Rxe4 32. R7f3 Qxb2 $19) 31... Rxa4 {Hoping for ...Ra1+.} 32. Rxe7 {Intending Re8+ and mate.} Qd8 {[#]} 33. Rff7 $1 {[%cal Rf7g7]} Ra1+ 34. Kf2 Qg8 35. Nc4 {Accuracy: White = 36%, Black = 42%.} (35. Ng4 $142 Qf8 36. Rxf8+ Rxf8+ 37. Nf6 Rd1 38. Rxb7 Rd2+ 39. Ke1 Rdd8 {[#]} 40. Nxh7 $1 {[%mdl 512]}) 1-0

[Event "11th dMP Batavia 2019"]
[Site "Amsterdam"]
[Date "2019.03.05"]
[Round "5"]
[White "Leenhouts, Koen"]
[Black "Warmerdam, Max"]
[Result "1-0"]
[WhiteElo "2447"]
[BlackElo "2448"]
[Annotator "ChessBase"]
[PlyCount "83"]
[EventDate "2019.03.01"]
[EventType "tourn"]
[EventCountry "NED"]
[SourceTitle "playchess.com"]
[Source "ChessBase"]
[SourceQuality "1"]
[TimeControl "40/5400+30:1800+30"]

1. d4 {[%emt 0:00:00]} Nf6 {[%emt 0:00:00]} 2. c4 {[%emt 0:00:00]} g6 {[%emt 0:00:00]} 3. Nc3 {[%emt 0:00:00]} Bg7 {[%emt 0:00:00]} 4. e4 {[%emt 0:00:00]} d6 {[%emt 0:00:00]} 5. f3 {[%emt 0:00:04]} O-O {[%emt 0:00:00]} 6. Be3 {[%emt 0:00:36]} c5 {[%emt 0:00:36]} 7. Nge2 {[%emt 0:00:16]} b6 {[%emt 0:01:14]} 8. Qd2 {[%emt 0:00:25]} Ba6 {[%emt 0:00:05]} 9. b3 {[%emt 0:01:06]} e6 {[%emt 0:00:45]} 10. Rd1 {[%emt 0:08:36]} Nc6 {[%emt 0:00:34]} 11. d5 {[%emt 0:02:33]} exd5 {[%emt 0:01:02]} 12. cxd5 {[%emt 0:01:53]} Ne5 {[%emt 0:01:43]} 13. Ng3 {[%emt 0:06:34]} Bxf1 {[%emt 0:00:12]} 14. Kxf1 {[%emt 0:00:28]} a6 {[%emt 0:00:38]} 15. Bh6 {[%emt 0:05:17]} Bxh6 {[%emt 0:15:05]} 16. Qxh6 {[%emt 0:00:11]} Kh8 {[%emt 0:00:03]} 17. Nce2 {[%emt 0:07:36]} Ng8 {[%emt 0:00:58]} 18. Qd2 {[%emt 0:00:55]} Qh4 {[%emt 0:17:49]} 19. f4 {[%emt 0:14:32]} Nd7 {[%emt 0:11:35]} 20. Ng1 {[%emt 0:01:11]} Qf6 {[%emt 0:13:01]} 21. Nf3 {[%emt 0:02:06]} a5 {[%emt 0:01:08]} 22. Kf2 {[%emt 0:01:38]} a4 {[%emt 0:07:04]} 23. Rhe1 {[%emt 0:00:44]} axb3 {[%emt 0:00:42]} 24. axb3 {[%emt 0:00:31]} Rfe8 {[%emt 0:00:10]} 25. Kg1 {[%emt 0:04:27]} Qg7 {[%emt 0:02:33]} 26. h3 {[%emt 0:07:28]} Ra5 {[%emt 0:03:05]} 27. Kh2 {[%emt 0:01:48]} Rb5 {[%emt 0:07:48]} 28. e5 {[%emt 0:06:05]} Rxb3 {[%emt 0:01:48]} 29. e6 {[%emt 0:02:17]} Ndf6 {[%emt 0:00:36]} 30. Ng5 {[%emt 0:09:26]} fxe6 {[%emt 0:01:35]} 31. dxe6 {[%emt 0:00:26]} Ne7 {[%emt 0:00:12]} 32. Nf7+ {[%emt 0:03:09]} Kg8 {[%emt 0:00:05]} 33. Nxd6 {[%emt 0:00:13]} Rd8 {[%emt 0:01:19]} 34. Qf2 {[%emt 0:01:41]} Ra8 {[%emt 0:04:01]} 35. Nf7 {[%emt 0:02:25]} Nfd5 {[%emt 0:01:06]} 36. Re5 {[%emt 0:00:51]} Qf6 {[%emt 0:00:23]} 37. Rdxd5 {[%emt 0:02:15]} Nxd5 {[%emt 0:00:09]} 38. Rxd5 {[%emt 0:00:06]} Qxe6 {[%emt 0:00:27]} 39. Nh6+ {[%emt 0:00:20]} Kg7 {[%emt 0:04:37]} 40. Re5 {[%emt 0:00:52]} Qd7 {[%emt 0:01:05]} 41. Qe2 {[%emt 0:33:39]} Ra7 {[%emt 0:31:48]} 42. Ng4 {[%emt 0:00:00]} 1-0